Nové tendencie v hypotekárnom financovaní štátov Európskeho spoločenstva

Bohatá tradícia hypotekárneho bankovníctva v Európe. Rovnaký charakter vo všetkých krajinách Európskeho spoločenstva (ES). Súčasná legislatíva v oblasti hypotekárnych úverov v jednotlivých štátoch ES. Jednotná hypotéka pre úvery za hranice - eurohypotéka. Postavenie eurohypotéky. Dlžno-právna poistn...

Descripción completa

Guardado en:
Detalles Bibliográficos
Autor principal: Hošková, A.
Formato: Capítulo de libro
Lenguaje:eslovaco
Materias:
Etiquetas: Agregar Etiqueta
Sin Etiquetas, Sea el primero en etiquetar este registro!

MARC

LEADER 00000naa a2200000 4500
001 r021210
005 20221205114653.9
041 0 |a slo 
044 |a SK 
245 1 0 |a Nové tendencie v hypotekárnom financovaní štátov Európskeho spoločenstva  |c A. Hošková 
520 |a Bohatá tradícia hypotekárneho bankovníctva v Európe. Rovnaký charakter vo všetkých krajinách Európskeho spoločenstva (ES). Súčasná legislatíva v oblasti hypotekárnych úverov v jednotlivých štátoch ES. Jednotná hypotéka pre úvery za hranice - eurohypotéka. Postavenie eurohypotéky. Dlžno-právna poistná zmluva - právne vzťahy medzi veriteľom, dlžníkom a vlastníkom pozemku. 
610 2 0 |a bankovníctvo 
610 2 0 |a banky hypotekárne 
610 2 0 |a Európa 
610 2 0 |a Európske spoločenstvá 
610 2 0 |a úver hypotekárny 
610 2 0 |a listy záložné 
610 2 0 |a legislatíva 
610 2 0 |a eurohypotéky 
100 1 |a Hošková, A.